[Event "Women Ch GroupA r_7"]
[Site "Albena BUL"]
[Date "2010.06.02"]
[Round "7.3"]
[White "Nikolova, Adriana"]
[Black "Parvanova, Desislava"]
[Result "1-0"]
[WhiteElo "2318"]
[BlackElo "2002"]
[PlyCount "67"]
[EventDate "2010.05.27"]
[EventRounds "7"]
[EventCountry "BUL"]

1. e4 e5 2. Nf3 Nc6 3. Bb5 Nge7 4. O-O d6 5. c3 Ng6 6. d4 Bd7 7. Be3 Be7 8.
Nbd2 O-O 9. Re1 h6 10. Nf1 Nxd4 11. cxd4 Bxb5 12. Ng3 Qc8 13. Nf5 Bf6 14. Rc1
Bd7 15. Nxd6 Qd8 16. Nxb7 Qb8 17. Nc5 Bg4 18. h3 Bxf3 19. Qxf3 Rd8 20. d5 Qxb2
21. Re2 Qb5 22. a4 Qb4 23. Bd2 Qb6 24. Nd3 Rab8 25. Rc6 Qd4 26. Ne1 Rb1 27.
Bxh6 Qa1 28. Bd2 Nf4 29. Re3 Qxa4 30. Kh2 Qb5 31. g3 Ng6 32. Rd3 Rb8 33. Rxc7
a5 34. d6 1-0

[Event "Women Ch GroupA r_7"]
[Site "Albena BUL"]
[Date "2010.06.02"]
[Round "7.3"]
[White "Trifonova, Sandra"]
[Black "Videnova, Iva"]
[Result "0-1"]
[WhiteElo "1997"]
[BlackElo "2278"]
[PlyCount "122"]
[EventDate "2010.05.27"]
[EventRounds "7"]
[EventCountry "BUL"]

1. b3 e5 2. Bb2 Nc6 3. e3 Nf6 4. c4 Be7 5. d3 d5 6. cxd5 Nxd5 7. a3 Be6 8. Nf3
f6 9. Nbd2 O-O 10. Qc2 Qd7 11. Be2 b6 12. O-O Rfd8 13. Rac1 Na5 14. b4 Nb7 15.
d4 e4 16. Nxe4 a5 17. b5 a4 18. Nc3 Nxc3 19. Qxc3 Rdc8 20. Rfd1 Nd6 21. d5 Bg4
22. Qd4 Ra5 23. e4 Nxb5 24. Bxb5 Rxb5 25. Rc2 Rb3 26. Rd3 Qb5 27. Rxb3 Qxb3 28.
Qc4 Qxc4 29. Rxc4 b5 30. Rc1 Bd6 31. Nd4 Bd7 32. f3 b4 33. axb4 Bxb4 34. Nc2
Bc5+ 35. Bd4 Bd6 36. Rb1 Ra8 37. Kf2 a3 38. Na1 Ra4 39. Ke3 Bxh2 40. Bc5 Bd6
41. Bxd6 cxd6 42. Rb7 Be8 43. Kd3 Kf8 44. Kc3 h5 45. Kb3 Ra5 46. Ka2 h4 47. Nb3
Ra4 48. Nc1 Rc4 49. Nd3 Rc2+ 50. Kxa3 Rxg2 51. Nf4 Rg3 52. Ne6+ Kg8 53. Rb8 Kf7
54. Rb7+ Kg6 55. Rxg7+ Kh6 56. Re7 Bg6 57. Nd4 h3 58. Re6 h2 59. Rxf6 h1=Q 60.
Nf5+ Kh7 61. Nxg3 Qa1+ 0-1

[Event "Women Ch GroupA r_7"]
[Site "Albena BUL"]
[Date "2010.06.02"]
[Round "7.3"]
[White "Sirkova, Darena"]
[Black "Ivanova, Simoneta"]
[Result "1-0"]
[WhiteElo "2036"]
[BlackElo "1791"]
[PlyCount "67"]
[EventDate "2010.05.27"]
[EventRounds "7"]
[EventCountry "BUL"]

1. e4 c5 2. Nf3 d6 3. d4 cxd4 4. Nxd4 Nf6 5. Nc3 Nc6 6. Bg5 e6 7. f4 Be7 8. Qd2
a6 9. O-O-O h6 10. Bxf6 gxf6 11. a4 Qa5 12. Bc4 Bd7 13. f5 Nxd4 14. Qxd4 b5 15.
Bb3 Rc8 16. axb5 axb5 17. Rhe1 b4 18. Na2 Ba4 19. Qe3 Rg8 20. Kb1 Kf8 21. fxe6
fxe6 22. Bxe6 Bc6 23. Qb3 Rb8 24. Bd5 Ba4 25. Qf3 Qc5 26. Rd2 Rc8 27. Bb3 Bc6
28. Qg4 Rb8 29. Qe6 Be8 30. Rd5 Qf2 31. Red1 Rb7 32. Rf5 Qb6 33. Rxf6+ Kg7 34.
Rf7+ 1-0

[Event "Women Ch GroupA r_7"]
[Site "Albena BUL"]
[Date "2010.06.02"]
[Round "7.3"]
[White "Vitanova, Rozalina"]
[Black "Janeva, Mariya"]
[Result "0-1"]
[WhiteElo "2094"]
[BlackElo "2036"]
[PlyCount "60"]
[EventDate "2010.05.27"]
[EventRounds "7"]
[EventCountry "BUL"]

1. e4 e5 2. Nf3 Nc6 3. Bc4 Bc5 4. O-O Nf6 5. d3 h6 6. c3 a6 7. b4 Ba7 8. Bb3
O-O 9. Nbd2 d5 10. Bb2 Bg4 11. Qc2 Re8 12. a4 d4 13. b5 dxc3 14. Bxc3 Nd4 15.
Nxd4 exd4 16. Bb4 c5 17. bxc6 Rc8 18. f3 Rxc6 19. Qa2 Be6 20. Rac1 Qc7 21. Rxc6
Qxc6 22. Ba3 Bxb3 23. Qxb3 Qc3 24. Bb4 Qc7 25. Nc4 Re6 26. Be1 Nd7 27. Bg3 Qc6
28. Na5 Qb6 29. Qxb6 Rxb6 30. Rc1 Nc5 0-1

[Event "Women Ch GroupA r_7"]
[Site "Albena BUL"]
[Date "2010.06.02"]
[Round "7.4"]
[White "Raeva, Elitsa"]
[Black "Maneva, Ani"]
[Result "1-0"]
[WhiteElo "2231"]
[BlackElo "1927"]
[PlyCount "59"]
[EventDate "2010.05.27"]
[EventRounds "7"]
[EventCountry "BUL"]

1. d4 Nf6 2. Nf3 d6 3. c4 Nbd7 4. Nc3 e5 5. g3 Be7 6. Bg2 c6 7. e4 O-O 8. O-O
Ne8 9. Be3 c5 10. dxe5 dxe5 11. Qe2 Qa5 12. Nd5 Bd6 13. a3 Ndf6 14. b4 cxb4 15.
axb4 Qd8 16. Bxa7 Nxd5 17. exd5 Bxb4 18. Bb6 Qxb6 19. Rxa8 Bg4 20. Qxe5 Bd6 21.
Qd4 Qxd4 22. Nxd4 Bc5 23. Nb3 Bb4 24. c5 Nc7 25. Rxf8+ Kxf8 26. d6 Ne6 27. Ra1
g6 28. Ra4 Bxc5 29. Nxc5 Nxc5 30. Rxg4 1-0

[Event "Women Ch GroupA r_7"]
[Site "Albena BUL"]
[Date "2010.06.02"]
[Round "7.4"]
[White "Petkova, Veneta"]
[Black "Velcheva, Maria"]
[Result "0-1"]
[WhiteElo "1942"]
[BlackElo "2266"]
[PlyCount "64"]
[EventDate "2010.05.27"]
[EventRounds "7"]
[EventCountry "BUL"]

1. e4 c5 2. Nf3 e6 3. d4 cxd4 4. Nxd4 Nf6 5. Nc3 Nc6 6. Be2 Bb4 7. Nxc6 bxc6 8.
e5 Ne4 9. Qd4 Qa5 10. Bd2 Nxd2 11. Kxd2 O-O 12. a3 Bxc3+ 13. bxc3 f6 14. exf6
Rxf6 15. Bf3 e5 16. Qb4 Qc7 17. Rab1 d5 18. Qc5 e4 19. Be2 Qf4+ 20. Ke1 Bd7 21.
Qe3 Qd6 22. Rb7 c5 23. h3 Bc6 24. Rb1 Ba4 25. Rb2 Re8 26. h4 d4 27. Bc4+ Kh8
28. cxd4 cxd4 29. Qg3 Qc6 30. Bb3 e3 31. f3 Qc3+ 32. Ke2 Bb5+ 0-1

[Event "Women Ch GroupA r_7"]
[Site "Albena BUL"]
[Date "2010.06.02"]
[Round "7.4"]
[White "Plachkinova, Tatjana G"]
[Black "Bratimirova, Dimitrinka"]
[Result "1/2-1/2"]
[WhiteElo "2117"]
[BlackElo "2033"]
[PlyCount "40"]
[EventDate "2010.05.27"]
[EventRounds "7"]
[EventCountry "BUL"]

1. d4 Nf6 2. c4 g6 3. Nc3 d5 4. cxd5 Nxd5 5. e4 Nxc3 6. bxc3 Bg7 7. Nf3 c5 8.
Rb1 O-O 9. Be2 Nc6 10. d5 Ne5 11. Nxe5 Bxe5 12. Qd2 Qa5 13. Rb3 e6 14. f4 Bg7
15. d6 Bd7 16. Ra3 Qb6 17. Rb3 Qa5 18. Ra3 Qb6 19. Rb3 Qa5 20. Ba3 b6 1/2-1/2